000
00301nam a2200121 a 4500
008
101025s1974|||| d
100
1
_a
Maurois, A.
245
1
0
_a
Dve lásky Philippa Marcenata
041
_a
slo
044
_a
xo
_c
SK
020
_c
23
260
_b
Slovenský spisovateľ
_a
Bratislava
_c
1974
999
_c
12200
_d
12200